Sao paulo : Urban development and employment (Record no. 409895)

000 -LEADER
fixed length control field 00405cam a22001337a 4500
008 - FIXED-LENGTH DATA ELEMENTS--GENERAL INFORMATION
fixed length control field 180718b1976 xxu||||| |||| 00| 0 eng d
020 ## - INTERNATIONAL STANDARD BOOK NUMBER
International Standard Book Number 9221014150
082 ## - DEWEY DECIMAL CLASSIFICATION NUMBER
Classification number J72x81 In8
100 ## - MAIN ENTRY--PERSONAL NAME
Personal name Schaefer, Kalmann
245 ## - TITLE STATEMENT
Title Sao paulo : Urban development and employment
Statement of responsibility, etc. by Kalmann Schaefer
260 ## - PUBLICATION, DISTRIBUTION, ETC.
Place of publication, distribution, etc. Geneva
Name of publisher, distributor, etc. International Labour
Date of publication, distribution, etc. 1976
300 ## - PHYSICAL DESCRIPTION
Extent viii,106p
650 ## - SUBJECT ADDED ENTRY--TOPICAL TERM
Topical term or geographic name entry element Cities and Towns -Growth-Brazil.
Holdings
Withdrawn status Lost status Damaged status Not for loan Permanent Location Current Location Date acquired Full call number Barcode Date last seen Price effective from Koha item type
        Indian Institute of Public Administration Indian Institute of Public Administration 2009-01-12 J72x81 In8 DA4817 2018-07-21 2018-07-21 DA

Powered by Koha